2025/26 Every Team from Premiership to League 2 - Statistics

General Stats
  • This quiz has been taken 3 times
  • The average score is 16 of 42
Answer Stats
League Team % Correct
Premiership Aberdeen
100%
Premiership Celtic
100%
Premiership Dundee
100%
Premiership Hearts
100%
Premiership Kilmarnock
100%
Premiership Dundee United
67%
Premiership Falkirk
67%
Premiership Hibernian
67%
Premiership Livingston
67%
Premiership Rangers
67%
Championship Ross County
67%
League 1 Alloa Athletic
33%
Championship Arbroath
33%
Championship Ayr United
33%
League 1 Cove Rangers
33%
League 2 Dumbarton
33%
League 1 East Fife
33%
League 2 Edinburgh City
33%
League 2 Elgin City
33%
League 2 Forfar United
33%
Championship Greenock Morton
33%
League 1 Inverness Caley
33%
League 1 Kelty Hearts
33%
League 1 Montrose
33%
Premiership Motherwell
33%
Championship Partick Thistle
33%
League 1 Peterhead
33%
League 1 Queen of the South
33%
Championship Queens Park
33%
Championship Raith Rovers
33%
League 1 Stenhousemuir
33%
Championship St Johnstone
33%
Premiership St Mirren
33%
Championship Airdrieoneans
0%
League 2 Annan Athletic
0%
League 2 Clyde
0%
Championship Dumfermline
0%
League 2 East Kilbride
0%
League 1 Hamilton
0%
League 2 Spartans
0%
League 2 Stirling Albion
0%
League 2 Stranraer
0%
No matching quizzes found
Score Distribution
Percent of People with Each Score
Percentile by Number Answered
Your Score History
You have not taken this quiz